Best NBA 2K26 Players - Statistics

General Stats
  • This quiz has been taken 112 times
  • The average score is 22 of 28
Answer Stats
OVR Player % Correct
98 Shai Gilgeous-Alexander
100%
98 Nikola Jokic
97%
95 Stephen Curry
97%
98 Giannis Antetokounmpo
96%
93 Kevin Durant
96%
96 LeBron James
96%
96 Luka Doncic
95%
95 Jayson Tatum
91%
93 Jalen Brunson
90%
91 Jaylen Brown
90%
94 Victor Wembanyama
88%
94 Anthony Edwards
85%
93 Karl-Anthony Towns
82%
95 Anthony Davis
81%
90 Devin Booker
81%
90 Tyrese Haliburton
79%
91 Trae Young
78%
94 Donovan Mitchell
77%
93 Joel Embiid
77%
91 Kawhi Leonard
75%
92 Kyrie Irving
75%
91 Damian Lillard
71%
90 James Harden
71%
92 Ja Morant
71%
92 Cade Cunningham
66%
92 Evan Mobley
56%
90 Jaren Jackson Jr.
36%
90 Paulo Banchero
0%
No matching quizzes found
Score Distribution
Percent of People with Each Score
Percentile by Number Answered
Your Score History
You have not taken this quiz